Multivariable Mathematics / Linear Algebra, Multivariable Calculus, and Manifolds.

This text in multivariable calculus fosters comprehension through meaningful explanations. Written with students in mathematics, the physical sciences, and engineering in mind, it extends concepts from single variable calculus such as derivative, integral, and important theorems to partial derivativ...

Полное описание

Сохранить в:
Библиографические подробности
Главный автор: Shifrin,Theodore
Другие авторы: Shifrin Theodore
Формат:
Опубликовано: United State of America; John Wiley & Sons, 2005.
Серии:Multivariable Mathematics
Предметы:
Метки: Добавить метку
Нет меток, Требуется 1-ая метка записи!

MARC

LEADER 00000nam a22000007a 4500
005 20251001115702.0
020 |a 9780471526384 
040 |a MCCCL  |b eng.  |e AACR2ed. rev. 
082 0 4 |a 515.22 SHI 
100 1 |a Shifrin,Theodore 
245 1 0 |a Multivariable Mathematics /  |c by Theodore Shifrin.  |b Linear Algebra, Multivariable Calculus, and Manifolds. 
260 |a United State of America;  |b John Wiley & Sons,  |c 2005. 
300 |a xi,491p.:  |b ill,;  |c 24cm. 
440 |a Multivariable Mathematics 
504 |a includes index. 
520 |a This text in multivariable calculus fosters comprehension through meaningful explanations. Written with students in mathematics, the physical sciences, and engineering in mind, it extends concepts from single variable calculus such as derivative, integral, and important theorems to partial derivatives, multiple integrals, Stokes' and divergence theorems. Students with a background in single variable calculus are guided through a variety of problem solving techniques and practice problems. Examples from the physical sciences are utilized to highlight the essential relationship between calculus and modern science. The symbiotic relationship between science and mathematics is shown by deriving and discussing several conservation laws, and vector calculus is utilized to describe a number of physical theories via partial differential equations. Students will learn that mathematics is the language that enables scientific ideas to be precisely formulated and that science is a source for the development of mathematics. 
546 |a eng. 
650 0 |a Analysis (Mathematics). 
650 0 |a Applied mathematics. 
650 0 |a Engineering mathematics. 
650 0 |a Mathematical analysis. 
700 1 |a Shifrin Theodore 
942 |c BK 
999 |c 11514  |d 11514